Fundamentals of motor vehicle technology / (Record no. 7489)
[ view plain ]
| 000 -LEADER | |
|---|---|
| fixed length control field | 00451cam a2200181ua 4500 |
| 003 - CONTROL NUMBER IDENTIFIER | |
| control field | OSt |
| 008 - FIXED-LENGTH DATA ELEMENTS--GENERAL INFORMATION | |
| fixed length control field | 250909b |||||||| |||| 00| 0 eng d |
| 020 ## - INTERNATIONAL STANDARD BOOK NUMBER | |
| ISBN | 0 09 143161 1 |
| 041 ## - LANGUAGE CODE | |
| Language code of text/sound track or separate title | eng |
| 082 ## - DEWEY DECIMAL CLASSIFICATION NUMBER | |
| Classification number | 629.2 |
| Item number | HIL/FU |
| 100 ## - MAIN ENTRY--AUTHOR NAME | |
| Personal name | Hiller, V AM . |
| 245 ## - TITLE STATEMENT | |
| Title | Fundamentals of motor vehicle technology / |
| 250 ## - EDITION STATEMENT | |
| Edition statement | 3 / |
| 260 ## - PUBLICATION, DISTRIBUTION, ETC. (IMPRINT) | |
| Place of publication | London : |
| Name of publisher | Hutchinson , |
| Year of publication | 1984. |
| 300 ## - PHYSICAL DESCRIPTION | |
| Number of Pages | 471 ; . |
| 700 1# - ADDED ENTRY--PERSONAL NAME | |
| Personal name | Pittuck, F . |
| 942 ## - ADDED ENTRY ELEMENTS (KOHA) | |
| Koha item type | Books |
| Withdrawn status | Lost status | Damaged status | Home library | Current library | Date acquired | Full call number | Accession Number | Koha item type |
|---|---|---|---|---|---|---|---|---|
| KAUAET | KAUAET | 27/03/1987 | 629.2 HIL/FU | 16251 | Books |
